| 000 | 00848nmm a2200301 a 4500 | ||
|---|---|---|---|
| 003 | AR-BaBNM | ||
| 005 | 20251128211042.0 | ||
| 008 | 312020s1998 ||||||||||||||000 | spa|| | ||
| 020 | _a0-335-19793-0 | ||
| 040 | _cAR-BaBNM | ||
| 100 | 1 | _aSuschitzky, Wendy | |
| 245 | 1 | 0 | _aValued children, informed teaching |
| 260 |
_aBuckingham _bOpen University Press _c1998 |
||
| 300 | 0 | _a135 p. | |
| 500 | 0 | _aContiene índice alfabético | |
| 504 | _aContiene referencias bibliográficas p. 125-131 | ||
| 650 | 4 | _aIDENTIDAD | |
| 650 | 4 | _aEDUCACION MULTICULTURAL | |
| 650 | 4 | _aAMBIENTE DE LA CLASE | |
| 650 | 4 | _aPARTICIPACION DE LA COMUNIDAD | |
| 653 | 0 | _aEDUCACION EN LA DIVERSIDAD | |
| 653 | 0 | _aEDUCACION GENERAL BASICA | |
| 653 | 0 | _aEDUCACION INICIAL | |
| 653 | 0 | _aEQUIDAD | |
| 700 | 1 | _aChapman, Joy | |
| 942 | _cBK | ||
| 998 | _craquel | ||
| 999 |
_c18017 _d18017 |
||